| 000 | 00605nam a2200205 a 4500 | ||
|---|---|---|---|
| 005 | 20240228064128.0 | ||
| 008 | 140402s2007 mx r 000 0 spa d | ||
| 020 | _a9789703706617 | ||
| 035 | _aUPN01000196794 | ||
| 049 | _aI | ||
| 050 | 4 |
_aPZ78 _bCH3.2 |
|
| 100 | 1 |
_aChan, Harley _935969 |
|
| 245 | 1 | 3 |
_aEl calor cambia las cosas / _cHarley Chan ; tr. Elena García. |
| 260 |
_aMéxico : _bDestino, _c2007. |
||
| 300 |
_a12 p. : _bprincipalmente il. col. |
||
| 650 | 4 |
_aLibros y lectura para niños _92290 |
|
| 650 | 4 |
_aCALOR - _vLITERATURA JUVENIL _922038 |
|
| 905 | _aInfantil | ||
| 999 |
_c168895 _d168895 |
||